Loading...
| Science - Other Science | 1 | 3 | 1 | 1 | 40 | 63 | 100.25 | 1 | 1 |
| Literature - European Literature | 1 | 3 | 1 | 0 | 40 | 80 | 98.75 | 0 | 3 |
| Literature - World Literature | 0 | 4 | 1 | 0 | 35 | 81 | 105.00 | 1 | 3 |
| Religion | 1 | 1 | 0 | 0 | 25 | 51 | 63.00 | 0 | 2 |
| Science - Biology | 0 | 2 | 0 | 1 | 20 | 118 | 119.50 | 0 | 0 |
| History - Other History | 0 | 2 | 0 | 0 | 20 | 78 | 85.00 | 0 | 1 |
| Fine Arts - Other Fine Arts | 0 | 2 | 1 | 0 | 15 | 102 | 110.50 | 0 | 1 |
| Literature - American Literature | 1 | 0 | 1 | 0 | 10 | 63 | 63.00 | 1 | 1 |
| Social Science | 0 | 1 | 0 | 1 | 10 | 127 | 127.00 | 0 | 0 |
| Fine Arts - Auditory Fine Arts | 0 | 0 | 0 | 0 | 0 | 0.00 | 0 | 0 | |
| Science - Physics | 0 | 0 | 2 | 0 | -10 | 0.00 | 0 | 0 | |
| Mythology | 1 | 0 | 5 | 0 | -10 | 60 | 60.00 | 0 | 1 |